MARC details
| 000 -LEADER |
| fixed length control field |
01737nam a2200277 a 4500 |
| 008 - FIXED-LENGTH DATA ELEMENTS--GENERAL INFORMATION |
| fixed length control field |
120416s2002 ||||||||||||||||| || u |
| 020 ## - INTERNATIONAL STANDARD BOOK NUMBER |
| International Standard Book Number |
0340806796 |
| 050 ## - LIBRARY OF CONGRESS CALL NUMBER |
| Classification number |
HD 111 Man |
| 100 ## - MAIN ENTRY--PERSONAL NAME |
| Personal name |
Mannion, Antoinette M |
| 245 10 - TITLE STATEMENT |
| Title |
Dynamic world: land-cover and land-use change |
| 260 ## - PUBLICATION, DISTRIBUTION, ETC. |
| Place of publication, distribution, etc. |
London |
| Name of publisher, distributor, etc. |
Arnold |
| Date of publication, distribution, etc. |
2002 |
| 300 ## - PHYSICAL DESCRIPTION |
| Extent |
vii, 230 p. : ill. |
| 350 ## - |
| -- |
0.00 |
| 650 ## - SUBJECT ADDED ENTRY--TOPICAL TERM |
| Topical term or geographic name entry element |
LAND |
| 650 ## - SUBJECT ADDED ENTRY--TOPICAL TERM |
| Topical term or geographic name entry element |
LAND USE |
| 650 #0 - SUBJECT ADDED ENTRY--TOPICAL TERM |
| Topical term or geographic name entry element |
NATURE--EFFECT OF HUMAN BEINGS ON |
| 650 ## - SUBJECT ADDED ENTRY--TOPICAL TERM |
| Topical term or geographic name entry element |
Landscape changes |
| 856 ## - ELECTRONIC LOCATION AND ACCESS |
| Uniform Resource Identifier |
http://www.loc.gov/catdir/enhancements/fy0615/2003268472-d.html |
| 995 ## - |
| -- |
ANNEX COLLECTION (Main Library) |
| -- |
0.00 |
| -- |
740017 |
| -- |
CBU-MAIN LIBRARY (Kitwe) |
| -- |
1 |
| -- |
0.00 |
| -- |
HD 111 Man |
| -- |
6 |
| -- |
AVAILABLE |
| -- |
May 6, 2009 |
| -- |
740017 |
| -- |
Annex Low-Usage Collection |
| 995 ## - |
| -- |
ANNEX COLLECTION (Main Library) |
| -- |
0.00 |
| -- |
737581 |
| -- |
CBU-MAIN LIBRARY (Kitwe) |
| -- |
1 |
| -- |
0.00 |
| -- |
HD 111 Man |
| -- |
4 |
| -- |
AVAILABLE |
| -- |
Feb 2, 2007 |
| -- |
52953 |
| -- |
Annex Low-Usage Collection |
| 995 ## - |
| -- |
ANNEX COLLECTION (Main Library) |
| -- |
0.00 |
| -- |
737580 |
| -- |
CBU-MAIN LIBRARY (Kitwe) |
| -- |
1 |
| -- |
0.00 |
| -- |
HD 111 Man |
| -- |
5 |
| -- |
AVAILABLE |
| -- |
Feb 2, 2007 |
| -- |
52975 |
| -- |
Annex Low-Usage Collection |
| 995 ## - |
| -- |
ANNEX COLLECTION (Main Library) |
| -- |
0.00 |
| -- |
740016 |
| -- |
CBU-MAIN LIBRARY (Kitwe) |
| -- |
1 |
| -- |
0.00 |
| -- |
HD 111 Man |
| -- |
7 |
| -- |
AVAILABLE |
| -- |
May 6, 2009 |
| -- |
740016 |
| -- |
Annex Low-Usage Collection |
| 995 ## - |
| -- |
MAIN LIBRARY OPEN ACCESS |
| -- |
0.00 |
| -- |
735892 |
| -- |
CBU-MAIN LIBRARY (Kitwe) |
| -- |
1 |
| -- |
21.95 |
| -- |
HD 111 Man |
| -- |
1 |
| -- |
AVAILABLE |
| -- |
38811 |
| -- |
Main Library Open Access Collection |
| 995 ## - |
| -- |
ANNEX COLLECTION (Main Library) |
| -- |
0.00 |
| -- |
735891 |
| -- |
CBU-MAIN LIBRARY (Kitwe) |
| -- |
3 |
| -- |
21.95 |
| -- |
HD 111 Man |
| -- |
3 |
| -- |
AVAILABLE |
| -- |
38812 |
| -- |
Annex Low-Usage Collection |
| 995 ## - |
| -- |
MAIN LIBRARY OPEN ACCESS |
| -- |
0.00 |
| -- |
735890 |
| -- |
CBU-MAIN LIBRARY (Kitwe) |
| -- |
2 |
| -- |
21.95 |
| -- |
HD 111 Man |
| -- |
2 |
| -- |
AVAILABLE |
| -- |
38817 |
| -- |
Main Library Open Access Collection |
| 999 ## - |
| -- |
75662 |
| -- |
75662 |